SSC Tier-I exam papers 41-70: (Record no. 160545)

MARC details
000 -LEADER
fixed length control field 00761nam a22001937a 4500
005 - DATE AND TIME OF LATEST TRANSACTION
control field 20190204163019.0
010 ## - LCCN (DPL NO)
LC control number B-713095
020 ## - INTERNATIONAL STANDARD BOOK NUMBER
Terms of availability 400.00
035 ## - SYSTEM CONTROL NUMBER
System control number B-713095
037 ## - SOURCE OF ACQUISITION
Source of stock number/acquisition RK Books
082 ## - DEWEY DECIMAL CLASSIFICATION NUMBER
Classification number 000
245 ## - TITLE STATEMENT
Title SSC Tier-I exam papers 41-70:
Remainder of title bilingual questions with bilingual solutions /
260 ## - PUBLICATION, DISTRIBUTION, ETC. (IMPRINT)
Place of publication, distribution, etc Delhi
Name of publisher, distributor, etc Paramount Authors
Date of publication, distribution, etc 2017
270 ## - ADDRESS
Address 704, 1st Floor, Near Batra Cinema, Dr. Mukherjee Nagar
City Delhi
Postal code 110009
300 ## - PHYSICAL DESCRIPTION
Extent 428p.
Dimensions 24cm(pbk)
505 ## - FORMATTED CONTENTS NOTE
Formatted contents note 20 sets model test papers with 10 sets based on previous years.
942 ## - ADDED ENTRY ELEMENTS (KOHA)
Source of classification or shelving scheme Dewey Decimal Classification
Item type English Books
Call number suffix SSC
Classification part 000
Holdings
Withdrawn status Lost status Not for loan Collection code Home library Current library Date acquired Source of acquisition Cost, normal purchase price Full call number Barcode Copy number Cost, replacement price Koha item type
      Non-fiction Central Library Central Library 04/02/2019 RK Books/IN2882/18-19/16-01-19/565/07-01-19/04-02-19 400.00 000 SSC B-713095 1 400.00 English Books

© Delhi Public Library
Hit Counter
free hit counter